01579nam a22001937a 4500003001000000005001700010008004100027020001800068040002500086080001100111100004500122245004300167260003100210300002100241490001800262520105700280650002701337650002101364AR-RoUNCS20250930155937.0250930t2006 ag |||||r|||| 00| 0 spa d a84-413-2186-8 aAR-RoUNCScAR-RoUNCS 0321.011 aMaquiavelo, Nicolás,d1469-1527eautor10aEl príncipe /bNicolás Maquiavelo. aBarcelona :bFolio,c2006. a121 p. ;c19 cm.0 aGrandes Ideas3 a Obra ensalzada y demonizada con parejo entusiasmo, escrita en el exilio en 1513, publicada póstumamente en 1531 y traducida por primera vez al español recién en 1821. El príncipe, de Nicolás Maquiavelo, expone con notable claridad los grandes temas de la teoría política: ¿cómo llegar al poder y de qué manera mantenerse en él? ¿cuáles son los orígenes y la estructura del poder? ¿es la política un deber o una ciencia? Temas que son abordados de manera tan sencilla y a la vez tan sugerente y llena de implicancias que a lo largo de varios siglos ha fascinado a estudiosos y gobernantes, entre ellos, a Napoleón Bonaparte, cuyos comentarios al texto se incorporan en esta edición. Nacido en Florencia en 1469, Niccolò di Bernardo del Machiavelli fue funcionario, diplomático, labriego, leñador y cuanto oficio le fuese necesario ejercer para sobrevivir, pero, esencialmente, filósofo, político y editor. Autor prolífico y de gran versatilidad, murió en 1527 ignorado y olvidado por sus contemporáneos. 4aFILOSOFÍA POLÍTICA 4aESTADOvTEORÍA